Správne poplatky v daňovom konaní

Výška najzákladnejších správnych poplatkov za úkony, ktoré sa najčastejšie vyskytujú v daňovom konaní na daňových úradoch na akejkoľvek dani.

Na minha lista:
Detalhes bibliográficos
Autor principal: Mäsiarová, Terézia
Formato: Capítulo de Livro
Idioma:eslovaco
Assuntos:
Tags: Adicionar Tag
Sem tags, seja o primeiro a adicionar uma tag!

MARC

LEADER 00000naa a2200000 4500
001 r033921
005 20230929092735.5
041 0 |a slo 
044 |a SK 
245 1 0 |a Správne poplatky v daňovom konaní  |c Terézia Mäsiarová 
520 |a Výška najzákladnejších správnych poplatkov za úkony, ktoré sa najčastejšie vyskytujú v daňovom konaní na daňových úradoch na akejkoľvek dani. 
610 2 0 |a poplatky správne 
610 2 0 |a konanie daňové 
610 2 0 |a úrady daňové 
610 2 0 |a dane 
100 1 |a Mäsiarová, Terézia